| 000 | 00704nam a22002537a 4500 | ||
|---|---|---|---|
| 999 |
_c4364 _d4364 |
||
| 001 | 18589 | ||
| 003 | BD-DhUAP | ||
| 005 | 20201108160555.0 | ||
| 008 | 201108r20022014ii a|||| |||| 001 0 eng d | ||
| 020 | _a9788126510887 | ||
| 040 |
_aBD-DhUAP _bEng _cBD-DhUAP _dBD-DhUAP |
||
| 082 |
_223 _a530 RES |
||
| 100 | _aResnick, Robert. | ||
| 245 |
_aPhysics / _cRobert Resnick, David Halliday and Kenneth S. Krane. |
||
| 250 | _a5th ed. | ||
| 260 |
_aNew Delhi : _bWiley, _cc2002 [Reprinted 2014]. |
||
| 300 |
_avolumes : _billustrations ; _c28 cm. |
||
| 500 | _aIncludes index. | ||
| 505 | _aV. 1-- | ||
| 650 | _aPhysics. | ||
| 700 | _aHalliday, David. | ||
| 700 | _aKrane, Kenneth S. | ||
| 942 |
_2ddc _cBK |
||